000 00536nam a2200181Ia 4500
003 IN-BaIIA
008 211028s9999 xx 000 0 eng d
020 _a0-8165-0695-7
040 _cIIA Library
080 _a523.44
_bAST
245 0 _aAsteroids
_cedited by Tom Gehrels
260 _aTucson
_bUniversity of Arizona Press
_c1979
300 _axi, 1181p.
650 _aAsteroids
_94064
650 _aAstronomy and astrophysics thesaurus
700 _aGehrels, Tom., ed.
_910477
942 _cBK
999 _c6845
_d6845